[Event "Titled Tuesday intern op 16th Apr Early"]
[Site "Chess.com INT"]
[Date "2024.04.16"]
[Round "5"]
[White "Koshulyan, Egor A"]
[Black "Valle Luis, Leo"]
[Result "1-0"]
[WhiteElo "2226"]
[BlackElo "2235"]
[PlyCount "83"]
[EventDate "2024.04.16"]
[EventType "swiss (blitz)"]
[EventRounds "11"]
[EventCountry "USA"]
[SourceTitle "CB17_2024"]
[SourceDate "2024.04.24"]
[SourceVersion "1"]
[SourceVersionDate "2024.04.24"]
[SourceQuality "1"]

1. f4 d5 2. Nf3 Nf6 3. g3 c5 4. Bg2 Nc6 5. 0-0 g6 6. d3 Bg7 7. Nc3 0-0 8. e4 d4 9. Ne2 a6 10. h3 Rb8 11. g4 e6 12. Ng3 Nd7 13. h4 e5 14. f5 b5 15. h5 c4 16. g5 Re8 17. Nh4 cxd3 18. hxg6 hxg6 19. fxg6 fxg6 20. Nxg6 Nf8 21. Nxf8 Rxf8 22. cxd3 Be6 23. Qh5 Rxf1+ 24. Bxf1 Qd7 25. g6 Bg4 26. Qh7+ Kf8 27. Bh6 Bxh6 28. Qh8+ Ke7 29. Qxh6 Rg8 30. Qh7+ Kf8 31. Be2 Be6 32. Rf1+ Ke8 33. Bh5 Qg7 34. Rf7 Bxf7 35. gxf7+ Kf8 36. fxg8Q+ Qxg8 37. Qf5+ Ke7 38. Kg2 Qxa2 39. Qg5+ Kd6 40. Nf5+ Kc5 41. Qd2 Nb4 42. Be2 1-0

[Event "Titled Tuesday intern op 02nd Apr Early"]
[Site "Chess.com INT"]
[Date "2024.04.02"]
[Round "11"]
[White "Koshulyan, Egor A"]
[Black "Henriquez Villagra, Cristobal"]
[Result "1/2-1/2"]
[WhiteElo "2226"]
[BlackElo "2588"]
[PlyCount "169"]
[EventDate "2024.04.02"]
[EventType "swiss (blitz)"]
[EventRounds "11"]
[EventCountry "USA"]
[SourceTitle "CB15_2024"]
[SourceDate "2024.04.10"]
[SourceVersion "1"]
[SourceVersionDate "2024.04.10"]
[SourceQuality "1"]

1. f4 h5 2. Nf3 d5 3. b3 c5 4. Bb2 Nc6 5. e3 Bf5 6. Be2 e6 7. 0-0 Nf6 8. Ne5 h4 9. d3 Nxe5 10. fxe5 Nd7 11. Nd2 Qc7 12. Nf3 g5 13. Nxg5 Bh6 14. e4 Bxg5 15. exf5 0-0-0 16. Bg4 Nxe5 17. fxe6 fxe6 18. Bxe6+ Kb8 19. Bh3 d4 20. Bc1 Be7 21. Bf4 Bd6 22. Qd2 Rdf8 23. Kh1 a6 24. Rae1 Ka7 25. a4 Rxf4 26. Rxf4 Nxd3 27. Qxd3 Bxf4 28. b4 Bxh2 29. bxc5 Bg3 30. Rb1 Qxc5 31. Qe4 Rb8 32. Bg4 Bf2 33. Rb3 Qc6 34. Bf3 Qxe4 35. Bxe4 b5 36. axb5 axb5 37. Kh2 Kb6 38. Bd3 Kc5 39. Kh3 Re8 40. Kg4 b4 41. Kf3 Be3 42. Be4 Rf8+ 43. Ke2 Rf7 44. Rb1 Ra7 45. Rf1 Ra2 46. Rf5+ Kd6 47. Rd5+ Kc7 48. Rh5 b3 49. Rb5 bxc2 50. Rc5+ Kd6 51. Rxc2 Ra3 52. Bd3 Ke5 53. Rc5+ Kf4 54. Rf5+ Kg3 55. Be4 Ra2+ 56. Kf1 Ra1+ 57. Ke2 Rg1 58. Rf3+ Kg4 59. Bf5+ Kg5 60. Bh3 Rb1 61. Rf5+ Kg6 62. Rc5 Rb2+ 63. Kd3 Rf2 64. Rd5 Kf6 65. Ke4 Rf4+ 66. Kd3 Rf2 67. Ke4 Kg6 68. Rd6+ Kg5 69. Rd5+ Kh6 70. Rd6+ Kg7 71. Rd7+ Kf6 72. Rd6+ Ke7 73. Rd7+ Ke8 74. Rd5 Rf4+ 75. Kd3 Ke7 76. Re5+ Kd6 77. Rf5 Rxf5 78. Bxf5 Ke5 79. Bh3 Kf4 80. Bc8 Kg3 81. Bb7 Kf2 82. Bc6 Kg3 83. Bb7 Kf2 84. Bc6 Kg3 85. Bb7 1/2-1/2

[Event "Titled Tuesday intern op 13th Feb Early"]
[Site "Chess.com INT"]
[Date "2024.02.13"]
[Round "7"]
[White "Koshulyan, Egor A"]
[Black "Ljubarov, Mark"]
[Result "1-0"]
[WhiteElo "2136"]
[BlackElo "2333"]
[PlyCount "67"]
[EventDate "2024.02.13"]
[EventType "swiss (blitz)"]
[EventRounds "11"]
[EventCountry "USA"]
[SourceTitle "CB08_2024"]
[SourceDate "2024.02.21"]
[SourceVersion "1"]
[SourceVersionDate "2024.02.21"]
[SourceQuality "1"]

1. f4 Nf6 2. Nf3 d5 3. g3 c5 4. Bg2 Nc6 5. 0-0 Bg4 6. d3 Qd7 7. Ne5 Nxe5 8. fxe5 Nh5 9. d4 Bh3 10. dxc5 Bxg2 11. Kxg2 g6 12. Qd4 e6 13. Nd2 Rc8 14. b4 Ng7 15. e4 b6 16. cxb6 axb6 17. Kg1 dxe4 18. Qxd7+ Kxd7 19. Rxf7+ Ke8 20. Rb7 Rxc2 21. Nxe4 Nf5 22. Bg5 h6 23. Rd1 Be7 24. Bxe7 Nxe7 25. Nf6+ Kf7 26. Rdd7 g5 27. Rxe7+ Kg6 28. g4 h5 29. Rg7+ Kh6 30. gxh5 Rc1+ 31. Kf2 Rc2+ 32. Ke3 Rc3+ 33. Kd4 Rhc8 34. Rh7# 1-0

[Event "Ufa Startsev Memorial Rapid"]
[Site "Ufa"]
[Date "2024.02.05"]
[Round "7"]
[White "Koshulyan, Egor A"]
[Black "Zvjaginsev, Vadim"]
[Result "0-1"]
[WhiteElo "2136"]
[BlackElo "2572"]
[PlyCount "104"]
[EventDate "2024.02.04"]
[EventType "swiss (rapid)"]
[EventRounds "11"]
[EventCountry "RUS"]
[SourceTitle "CB07_2024"]
[SourceDate "2024.02.14"]
[SourceVersion "1"]
[SourceVersionDate "2024.02.14"]
[SourceQuality "1"]

1. f4 g6 2. Nf3 Bg7 3. g3 d6 4. d3 e5 5. Nc3 Nc6 6. Bg2 Nge7 7. 0-0 0-0 8. e4 f5 9. fxe5 dxe5 10. exf5 Bxf5 11. Be3 Qd7 12. Qd2 Rad8 13. Bh6 e4 14. dxe4 Qxd2 15. Bxd2 Bxc3 16. Bxc3 Bxe4 17. Rae1 Bd5 18. b3 Rf5 19. h3 Rdf8 20. Nd2 Bxg2 21. Kxg2 Nd5 22. Rxf5 Rxf5 23. Ne4 Nxc3 24. Nxc3 Rc5 25. Ne4 Rxc2+ 26. Kf3 Rxa2 27. Nf6+ Kg7 28. Ne8+ Kf7 29. Nxc7 Rb2 30. Kf4 Rxb3 31. Ne6 h6 32. Nc5 Rb4+ 33. Ke3 Nd4 34. Kd3 Nf5 35. g4 Nd6 36. Rf1+ Ke7 37. Re1+ Kd8 38. Re6 Kc7 39. Rxg6 a5 40. Ne6+ Kd7 41. Nd4 Nf7 42. Kc3 Ne5 43. Rxh6 Rc4+ 44. Kb3 Rxd4 45. g5 b5 46. g6 Rd3+ 47. Kc2 Rg3 48. Rh7+ Kc6 49. g7 b4 50. h4 b3+ 51. Kd1 Rg1+ 52. Kd2 b2 0-1

[Event "Ufa Startsev Memorial Blitz"]
[Site "Ufa"]
[Date "2024.02.03"]
[Round "9"]
[White "Koshulyan, Egor A"]
[Black "Zvjaginsev, Vadim"]
[Result "0-1"]
[WhiteElo "2136"]
[BlackElo "2572"]
[PlyCount "108"]
[EventDate "2024.02.03"]
[EventType "swiss (blitz)"]
[EventRounds "13"]
[EventCountry "RUS"]
[SourceTitle "CB07_2024"]
[SourceDate "2024.02.14"]
[SourceVersion "1"]
[SourceVersionDate "2024.02.14"]
[SourceQuality "1"]

1. e4 g6 2. d4 Bg7 3. Nc3 d6 4. Nf3 a6 5. a4 Nf6 6. Bc4 0-0 7. 0-0 Bg4 8. Be3 Nc6 9. Be2 e5 10. h3 Bxf3 11. Bxf3 exd4 12. Bxd4 Nxd4 13. Qxd4 Nd7 14. Qd2 Re8 15. Rfe1 Be5 16. g3 Qf6 17. Re3 c6 18. Bg2 Nc5 19. Rd1 Bxc3 20. Rxc3 Nxa4 21. Rf3 Qe5 22. Qxd6 Qxd6 23. Rxd6 Re7 24. b3 Nc5 25. Re3 a5 26. Kf1 a4 27. bxa4 Rxa4 28. f3 f5 29. e5 f4 30. gxf4 Rxf4 31. Kf2 Rf5 32. e6 Kg7 33. h4 Kf6 34. Bh3 Re5 35. Rxe5 Kxe5 36. Rd7 Kf6 37. Rd8 Nxe6 38. Bxe6 Rxe6 39. Kg3 Re7 40. Kf4 Rf7 41. Ke4 Kg7 42. Rb8 Kh6 43. Ke5 Rxf3 44. Rxb7 Rc3 45. Rb2 Kh5 46. Kd4 Rf3 47. Rb7 h6 48. c4 Kxh4 49. Kc5 Rf6 50. Rc7 g5 51. Rxc6 Rxc6+ 52. Kxc6 g4 53. c5 g3 54. Kb7 g2 0-1

[Event "Titled Tuesday intern op 16th Jan Early"]
[Site "Chess.com INT"]
[Date "2024.01.16"]
[Round "6"]
[White "Koshulyan, Egor A"]
[Black "Berezin, Viktor1"]
[Result "1-0"]
[WhiteElo "2136"]
[BlackElo "2307"]
[PlyCount "115"]
[EventDate "2024.01.16"]
[EventType "swiss (blitz)"]
[EventRounds "11"]
[EventCountry "USA"]
[SourceTitle "CB04_2024"]
[SourceDate "2023.10.16"]
[SourceVersion "1"]
[SourceVersionDate "2023.10.16"]
[SourceQuality "1"]

1. e4 g6 2. d4 Bg7 3. Nc3 d6 4. f4 Nf6 5. Nf3 0-0 6. e5 dxe5 7. fxe5 Nd5 8. Bc4 c6 9. 0-0 Bg4 10. Bb3 Nxc3 11. bxc3 c5 12. Be3 Nc6 13. h3 Bf5 14. Qe2 Qa5 15. Bd2 Rad8 16. d5 Nb8 17. Rae1 Qc7 18. c4 e6 19. Bg5 Rc8 20. d6 Qa5 21. g4 h6 22. Bd2 Qd8 23. gxf5 gxf5 24. Kh2 Kh7 25. Bf4 Nc6 26. c3 Rg8 27. Rg1 Qd7 28. Qf2 Qd8 29. Qh4 Qxh4 30. Nxh4 Rcd8 31. Nf3 Rd7 32. Ba4 Rdd8 33. Bxc6 bxc6 34. Rb1 Rb8 35. Rgd1 f6 36. exf6 Bxf6 37. Be5 Bg5 38. d7 Rbd8 39. Bc7 Rdf8 40. Rb7 Bd8 41. Bd6 Rf7 42. Bxc5 Rfg7 43. Rg1 Rxg1 44. Bxg1 Kg6 45. Bd4 f4 46. Ne5+ Kf5 47. Nxc6 f3 48. Nxd8 Rg2+ 49. Kh1 Rxa2 50. Rb1 Kf4 51. Nc6 Kg3 52. Be5+ Kxh3 53. d8Q Rg2 54. Qf6 Rg4 55. Qxh6+ Rh4 56. Qxe6+ Rg4 57. Qxg4+ Kxg4 58. Nxa7 1-0

[Event "Titled Tuesday intern op 16th Jan Early"]
[Site "Chess.com INT"]
[Date "2024.01.16"]
[Round "4"]
[White "Koshulyan, Egor A"]
[Black "Parfenov, Viktor N"]
[Result "1-0"]
[WhiteElo "2136"]
[BlackElo "2193"]
[PlyCount "33"]
[EventDate "2024.01.16"]
[EventType "swiss (blitz)"]
[EventRounds "11"]
[EventCountry "USA"]
[SourceTitle "CB04_2024"]
[SourceDate "2023.10.16"]
[SourceVersion "1"]
[SourceVersionDate "2023.10.16"]
[SourceQuality "1"]

1. e4 e5 2. Nf3 Nc6 3. c3 d5 4. Qa4 f6 5. Bb5 Nge7 6. exd5 Qxd5 7. d4 Qe4+ 8. Be3 exd4 9. Nbd2 Qg6 10. Nxd4 Bd7 11. 0-0 0-0-0 12. N2f3 a6 13. Nxc6 Nxc6 14. Bxa6 bxa6 15. Qxa6+ Kb8 16. Rad1 Bd6 17. Rd5 1-0

[Event "Titled Tuesday intern op 16th Jan Early"]
[Site "Chess.com INT"]
[Date "2024.01.16"]
[Round "11"]
[White "Koshulyan, Egor A"]
[Black "Tulchynskyi, Feliks"]
[Result "1/2-1/2"]
[WhiteElo "2136"]
[BlackElo "2285"]
[PlyCount "85"]
[EventDate "2024.01.16"]
[EventType "swiss (blitz)"]
[EventRounds "11"]
[EventCountry "USA"]
[SourceTitle "CB04_2024"]
[SourceDate "2023.10.16"]
[SourceVersion "1"]
[SourceVersionDate "2023.10.16"]
[SourceQuality "1"]

1. e4 c6 2. d4 d5 3. e5 c5 4. dxc5 e6 5. a3 a5 6. Be3 Qc7 7. Qd4 Ne7 8. Bb5+ Bd7 9. Bxd7+ Nxd7 10. Nf3 Nc6 11. Qc3 Ncxe5 12. Nxe5 Qxe5 13. c6 Qxc3+ 14. Nxc3 bxc6 15. 0-0 Be7 16. Na4 0-0 17. c3 c5 18. f4 Rab8 19. Rad1 g6 20. g4 f5 21. h3 Rfc8 22. g5 Nb6 23. Nxb6 Rxb6 24. Rd2 Rcb8 25. Rff2 Rb3 26. Rfe2 Kf7 27. Kg2 a4 28. Kf3 h5 29. h4 R8b7 30. Kg2 Bf8 31. Kf3 Rc7 32. Kg2 Bg7 33. Bf2 Rc6 34. Rd1 Bf8 35. Be3 Bd6 36. Kf3 Bc7 37. Rdd2 Bb6 38. Kg2 Ba7 39. Bf2 Bb8 40. Be3 Bc7 41. Kf3 Bd6 42. Kg2 Bc7 43. Kf3 1/2-1/2

[Event "Titled Tuesday intern op 09th Jan Early"]
[Site "Chess.com INT"]
[Date "2024.01.09"]
[Round "3"]
[White "Balla, Tamas Kristof"]
[Black "Koshulyan, Egor A"]
[Result "0-1"]
[WhiteElo "2283"]
[BlackElo "2136"]
[PlyCount "46"]
[EventDate "2024.01.09"]
[EventType "swiss (blitz)"]
[EventRounds "11"]
[EventCountry "USA"]
[SourceTitle "CB03_2024"]
[SourceDate "2024.01.17"]
[SourceVersion "1"]
[SourceVersionDate "2024.01.17"]
[SourceQuality "1"]

1. e4 c5 2. c3 Nf6 3. e5 Nd5 4. d4 cxd4 5. Nf3 Nc6 6. cxd4 d6 7. Bc4 e6 8. 0-0 Be7 9. Qe2 0-0 10. Rd1 Bd7 11. a3 Na5 12. Bxd5 exd5 13. Nc3 Be6 14. Bf4 Re8 15. Nb5 dxe5 16. Bxe5 Nc6 17. Bg3 Rc8 18. Rac1 Qb6 19. Ne5 Bf8 20. Qd3 Na5 21. Rxc8 Rxc8 22. Nc3 Qxb2 23. f4 Rxc3 0-1

[Event "Titled Tuesday intern op 09th Jan Early"]
[Site "Chess.com INT"]
[Date "2024.01.09"]
[Round "1"]
[White "Koshulyan, Egor A"]
[Black "Zhukov, Maksim"]
[Result "1-0"]
[WhiteElo "2136"]
[BlackElo "1835"]
[PlyCount "139"]
[EventDate "2024.01.09"]
[EventType "swiss (blitz)"]
[EventRounds "11"]
[EventCountry "USA"]
[SourceTitle "CB03_2024"]
[SourceDate "2024.01.17"]
[SourceVersion "1"]
[SourceVersionDate "2024.01.17"]
[SourceQuality "1"]

1. e4 c5 2. Nf3 e6 3. b3 a6 4. Bb2 b5 5. g3 Bb7 6. d3 Nc6 7. Bg2 Nf6 8. 0-0 Be7 9. Nbd2 d5 10. e5 Nd7 11. Qe2 Qc7 12. Rfe1 h6 13. h4 0-0 14. Nf1 Rfc8 15. N1h2 Bf8 16. Ng4 Rab8 17. a4 b4 18. Nd2 a5 19. f4 Qb6 20. Kh2 Nd4 21. Qd1 Rc6 22. h5 Rbc8 23. Ne3 R6c7 24. Rc1 Be7 25. Rg1 Ba6 26. Nf3 Bb7 27. Ng4 Bf8 28. Ne3 Be7 29. Kh1 Nf8 30. Ng4 Nf5 31. Qe1 c4 32. Kh2 c3 33. Ba1 Bc5 34. Rf1 Ne3 35. Nxe3 Bxe3 36. Rd1 Bc5 37. d4 Be7 38. g4 Nh7 39. f5 Ng5 40. Qg3 Ba6 41. Rfe1 Ne4 42. Qf4 Bg5 43. Nxg5 hxg5 44. Qf3 f6 45. Qe3 exf5 46. gxf5 Nd2 47. e6 Bb7 48. Qf2 Re8 49. Qg3 Rce7 50. Qg4 Qc7+ 51. Kg1 Bc8 52. Kh1 Bb7 53. Qe2 Ne4 54. Qf2 Qd6 55. Qf3 Ng3+ 56. Kg1 Ne4 57. Re3 Nd2 58. Qe2 Qg3 59. Rxg3 Nf3+ 60. Bxf3 g4 61. Rxg4 Kh8 62. Rg3 Rg8 63. Qg2 g5 64. hxg6 Rgg7 65. Rh3+ Kg8 66. Qh2 Rxg6+ 67. fxg6 Kg7 68. Rh8 Kxg6 69. Qh5+ Kg7 70. Qh6# 1-0

[Event "Cheliabinsk Shusharin Memorial Rapid"]
[Site "Cheliabinsk"]
[Date "2023.11.15"]
[Round "6"]
[White "Zakhartsov, Vladimir"]
[Black "Koshulyan, Egor A"]
[Result "1-0"]
[WhiteElo "2525"]
[BlackElo "2136"]
[PlyCount "47"]
[EventDate "2023.11.15"]
[EventType "swiss (rapid)"]
[EventRounds "11"]
[EventCountry "RUS"]
[SourceTitle "CB47_2023"]
[SourceDate "2023.11.22"]
[SourceVersion "1"]
[SourceVersionDate "2023.11.22"]
[SourceQuality "1"]

1. d4 d5 2. c4 e6 3. Nf3 Nf6 4. g3 dxc4 5. Bg2 a6 6. Ne5 Bb4+ 7. Nc3 Nd5 8. 0-0 0-0 9. Ne4 b5 10. b3 f6 11. bxc4 fxe5 12. cxd5 exd5 13. Qb3 Be7 14. Nc3 Be6 15. Bxd5 Bxd5 16. Nxd5 Kh8 17. Nxe7 Qxe7 18. Ba3 Qd8 19. Bxf8 Qxf8 20. Qd5 c6 21. Qxe5 Nd7 22. Qe6 Nb6 23. Qxc6 Nc4 24. a4 1-0

[Event "Titled Tuesday intern op 19th Sep Early"]
[Site "Chess.com INT"]
[Date "2023.09.19"]
[Round "2"]
[White "Koshulyan, Egor A"]
[Black "Tikhonov, Viacheslav"]
[Result "1-0"]
[WhiteElo "2136"]
[BlackElo "2181"]
[PlyCount "83"]
[EventDate "2023.09.19"]
[EventType "swiss (blitz)"]
[EventRounds "11"]
[EventCountry "USA"]
[SourceTitle "EXT 2024"]
[Source "ChessBase"]
[SourceDate "2023.10.10"]
[SourceVersion "1"]
[SourceVersionDate "2023.10.10"]
[SourceQuality "1"]

1. f4 d5 2. Nf3 c5 3. g3 Nf6 4. Bg2 g6 5. 0-0 Bg7 6. d3 0-0 7. Nc3 Nc6 8. e4 dxe4 9. dxe4 Bg4 10. e5 Nd7 11. Be3 Rc8 12. h3 Bxf3 13. Bxf3 b6 14. Qd2 Ndb8 15. Qf2 Nd4 16. Be4 Nbc6 17. Rad1 Qc7 18. Nd5 Qb8 19. c3 Nf5 20. Bxf5 gxf5 21. g4 fxg4 22. hxg4 Rfd8 23. Qh4 Qb7 24. Rd2 Rd7 25. c4 Rcd8 26. Rh2 Nd4 27. Qxh7+ Kf8 28. Bxd4 cxd4 29. f5 Rxd5 30. cxd5 Bxe5 31. f6 exf6 32. Rhf2 Qxd5 33. g5 Rd6 34. Qh8+ Ke7 35. gxf6+ Kd7 36. Qf8 Qe6 37. Rc1 Rc6 38. Rxc6 Kxc6 39. Rc2+ Kd5 40. Qa8+ Kd6 41. Rc6+ Kd7 42. Qc8# 1-0

[Event "Titled Tuesday intern op 12th Sep Early"]
[Site "Chess.com INT"]
[Date "2023.09.12"]
[Round "10"]
[White "Sjugirov, Sanan"]
[Black "Koshulyan, Egor A"]
[Result "1-0"]
[WhiteElo "2705"]
[BlackElo "2136"]
[PlyCount "141"]
[EventDate "2023.09.12"]
[EventType "swiss (blitz)"]
[EventRounds "11"]
[EventCountry "USA"]
[SourceTitle "EXT 2024"]
[Source "ChessBase"]
[SourceDate "2023.10.10"]
[SourceVersion "1"]
[SourceVersionDate "2023.10.10"]
[SourceQuality "1"]

1. e4 c5 2. Nf3 Nc6 3. Bb5 g5 4. h3 Nf6 5. e5 g4 6. exf6 gxf3 7. Bxc6 dxc6 8. Qxf3 Be6 9. Nc3 Qd7 10. d3 0-0-0 11. fxe7 Qxe7 12. Be3 Bg7 13. 0-0 Bxc3 14. bxc3 Bd5 15. Qf5+ Kb8 16. c4 Be6 17. Qxc5 Qxc5 18. Bxc5 Rhg8 19. Kh2 Rde8 20. Rfe1 Bf5 21. g4 Bg6 22. Kg3 f5 23. f3 fxg4 24. hxg4 h5 25. Rxe8+ Bxe8 26. Kf4 hxg4 27. fxg4 Kc7 28. Re1 b6 29. Be7 Bg6 30. g5 Re8 31. Re6 Bf7 32. Bd6+ Kd7 33. Rxe8 Bxe8 34. Bb8 a6 35. Kf5 Ke7 36. g6 Bd7+ 37. Ke5 Kf8 38. Kf6 b5 39. c5 Bg4 40. a3 a5 41. c3 a4 42. Be5 Bf3 43. Ke6 Kg8 44. Kd6 Bg2 45. Kc7 Bf3 46. Kb6 Bg2 47. Ka5 Bf3 48. Kb4 Bd1 49. Ka5 Be2 50. Kb6 Bf3 51. Bf6 Kf8 52. Bd4 Kg8 53. Ka5 Be2 54. Kb6 Bf3 55. Bf6 Kf8 56. g7+ Kg8 57. Kc7 Bd5 58. Kd6 Bf3 59. Ke5 Bd5 60. Kd4 Bf3 61. c4 bxc4 62. Kxc4 Bd1 63. Kb4 Bb3 64. Ka5 Kf7 65. Bb2 Ke7 66. Be5 Kf7 67. d4 Kg8 68. d5 cxd5 69. c6 Kf7 70. c7 d4 71. c8Q 1-0

[Event "Titled Tuesday intern op 12th Sep Early"]
[Site "Chess.com INT"]
[Date "2023.09.12"]
[Round "3"]
[White "Van Foreest, Machteld"]
[Black "Koshulyan, Egor A"]
[Result "0-1"]
[WhiteElo "2255"]
[BlackElo "2136"]
[PlyCount "112"]
[EventDate "2023.09.12"]
[EventType "swiss (blitz)"]
[EventRounds "11"]
[EventCountry "USA"]
[SourceTitle "EXT 2024"]
[Source "ChessBase"]
[SourceDate "2023.10.10"]
[SourceVersion "1"]
[SourceVersionDate "2023.10.10"]
[SourceQuality "1"]

1. e4 c5 2. Nf3 Nc6 3. d4 cxd4 4. Nxd4 Nf6 5. Nc3 e5 6. Ndb5 d6 7. Bg5 a6 8. Na3 Be6 9. Nd5 Be7 10. Bxf6 Bxf6 11. Be2 0-0 12. 0-0 Bg5 13. c3 Kh8 14. Nc4 b5 15. Nce3 Ne7 16. a4 bxa4 17. Qxa4 Bxd5 18. Nxd5 Nxd5 19. exd5 f5 20. Bxa6 e4 21. Qd4 Bf6 22. Qd2 Be5 23. Be2 f4 24. Rxa8 Qxa8 25. Bg4 Qa4 26. g3 fxg3 27. fxg3 Rb8 28. Qe2 g6 29. Re1 Rf8 30. Qxe4 Qb3 31. Qe2 Qxd5 32. Rf1 Qc5+ 33. Kg2 Rb8 34. Be6 Qc6+ 35. Rf3 Qb6 36. b4 Qc6 37. Qd3 Re8 38. Bd5 Qa4 39. b5 Qa1 40. b6 Qb2+ 41. Rf2 Qxb6 42. Qf3 Qc5 43. Qf7 Rc8 44. Qe6 Qxc3 45. Rf7 Qc5 46. Qd7 Qc2+ 47. Kh3 Bg7 48. Rxg7 g5 49. Rxh7+ Qxh7+ 50. Qxh7+ Kxh7 51. Kg4 Kg6 52. Be4+ Kf6 53. h4 gxh4 54. gxh4 Rc4 55. Kf3 Ke5 56. Bg6 Rxh4 0-1

[Event "Titled Tuesday intern op 22nd Aug Early"]
[Site "Chess.com INT"]
[Date "2023.08.22"]
[Round "5"]
[White "Drygalov, Sergey"]
[Black "Koshulyan, Egor A"]
[Result "1-0"]
[WhiteElo "2547"]
[BlackElo "2136"]
[PlyCount "80"]
[EventDate "2023.08.22"]
[EventType "swiss (blitz)"]
[EventRounds "11"]
[EventCountry "USA"]
[SourceTitle "EXT 2024"]
[Source "ChessBase"]
[SourceDate "2023.10.10"]
[SourceVersion "1"]
[SourceVersionDate "2023.10.10"]
[SourceQuality "1"]

1. d4 d5 2. c4 e6 3. Nf3 Nf6 4. Nc3 c6 5. Bg5 h6 6. Bh4 Be7 7. e3 Nbd7 8. Qc2 Ne4 9. Bxe7 Qxe7 10. Nxe4 dxe4 11. Qxe4 Qb4+ 12. Nd2 Qxb2 13. Qb1 Qc3 14. Qc1 Qa5 15. Be2 0-0 16. 0-0 e5 17. Nb3 Qc7 18. d5 cxd5 19. cxd5 Qd6 20. Rd1 f5 21. Qc3 f4 22. e4 Nf6 23. f3 Bd7 24. Qc5 Ne8 25. Rac1 Qg6 26. Qe7 Nf6 27. Qxe5 Bh3 28. Bf1 Rae8 29. Qd4 Nxe4 30. Kh1 Ng5 31. gxh3 Nxf3 32. Qf2 Re3 33. d6 Ng5 34. d7 Ne4 35. Qg2 Qf6 36. Rc8 f3 37. Rxf8+ Qxf8 38. d8Q fxg2+ 39. Kxg2 Nc3 40. Bc4+ Kh7 1-0

[Event "Titled Tuesday intern op 22nd Aug Early"]
[Site "Chess.com INT"]
[Date "2023.08.22"]
[Round "2"]
[White "Koshulyan, Egor A"]
[Black "Melikhov, Evgeny V"]
[Result "1-0"]
[WhiteElo "2136"]
[BlackElo "2252"]
[PlyCount "121"]
[EventDate "2023.08.22"]
[EventType "swiss (blitz)"]
[EventRounds "11"]
[EventCountry "USA"]
[SourceTitle "EXT 2024"]
[Source "ChessBase"]
[SourceDate "2023.10.10"]
[SourceVersion "1"]
[SourceVersionDate "2023.10.10"]
[SourceQuality "1"]

1. e4 e5 2. Nf3 Nc6 3. Bb5 a6 4. Ba4 Nf6 5. 0-0 Nxe4 6. d4 b5 7. Bb3 d5 8. dxe5 Be6 9. c3 Bc5 10. Qe2 0-0 11. Be3 Bxe3 12. Qxe3 f6 13. exf6 Qxf6 14. Nbd2 Nxd2 15. Qxd2 Rad8 16. Rfe1 Na5 17. Nd4 Bf5 18. Rad1 Nxb3 19. axb3 c5 20. Nxf5 Qxf5 21. Ra1 d4 22. cxd4 Rxd4 23. Qe2 Rd6 24. Rac1 Rdf6 25. Rc2 h6 26. Rec1 Re6 27. Qd2 Re5 28. h3 Rfe8 29. Ra1 Rd5 30. Qc3 Re6 31. Rac1 Qe5 32. Qa5 Red6 33. Qa1 Rd2 34. Rxc5 Qxc5 35. Rxc5 Rd1+ 36. Qxd1 Rxd1+ 37. Kh2 Rd2 38. Rc6 Rxb2 39. Rxa6 Rxb3 40. Rb6 Rb1 41. Rb7 b4 42. h4 h5 43. Kg3 b3 44. f3 b2 45. Kf4 Kf8 46. Kg5 Ke8 47. Kxh5 Kd8 48. Kg6 Kc8 49. Rb3 Kc7 50. Kxg7 Kc6 51. h5 Kc5 52. h6 Kc4 53. Rb8 Kc3 54. h7 Rg1 55. Rxb2 Kxb2 56. h8Q Rxg2+ 57. Kf7+ Kc2 58. Qh7+ Kd2 59. Qe4 Re2 60. Qxe2+ Kxe2 61. f4 1-0

[Event "Titled Tuesday intern op 22nd Aug Early"]
[Site "Chess.com INT"]
[Date "2023.08.22"]
[Round "4"]
[White "Koshulyan, Egor A"]
[Black "Perez, Maximiliano"]
[Result "1-0"]
[WhiteElo "2136"]
[BlackElo "2383"]
[PlyCount "91"]
[EventDate "2023.08.22"]
[EventType "swiss (blitz)"]
[EventRounds "11"]
[EventCountry "USA"]
[SourceTitle "EXT 2024"]
[Source "ChessBase"]
[SourceDate "2023.10.10"]
[SourceVersion "1"]
[SourceVersionDate "2023.10.10"]
[SourceQuality "1"]

1. f4 d5 2. Nf3 Nf6 3. g3 c5 4. Bg2 Nc6 5. 0-0 g6 6. d3 Bg7 7. Nc3 0-0 8. e4 dxe4 9. dxe4 e5 10. fxe5 Ng4 11. Qd5 Ncxe5 12. Kh1 Be6 13. Qxc5 Nxf3 14. Bxf3 Bd4 15. Qb5 Nf2+ 16. Rxf2 Bxf2 17. Bh6 Re8 18. Rd1 Qf6 19. Bg2 Bg4 20. Rf1 Qb6 21. Qg5 Be6 22. Na4 Qd4 23. c3 Qd8 24. Rxf2 Bxa2 25. h4 Re6 26. Nc5 Rb6 27. e5 Qxg5 28. Bxg5 Re8 29. Bf6 a5 30. Nxb7 a4 31. Nc5 a3 32. bxa3 Rc8 33. Ne4 Rb1+ 34. Kh2 Be6 35. Ng5 Ra1 36. Nxe6 fxe6 37. Bh3 Rc6 38. Be7 Kg7 39. Bf8+ Kg8 40. Bd6 Kg7 41. Bxe6 Re1 42. Bf8+ Kh8 43. Bd6 Kg7 44. Rf7+ Kh6 45. Bf8+ Kh5 46. Bd5 1-0

[Event "Speed Chess Q1 Sw"]
[Site "Chess.com INT"]
[Date "2023.08.21"]
[Round "10"]
[White "Durarbayli, Vasif"]
[Black "Koshulyan, Egor A"]
[Result "1-0"]
[WhiteElo "2631"]
[BlackElo "2136"]
[PlyCount "93"]
[EventDate "2023.08.21"]
[EventType "k.o. (blitz)"]
[EventRounds "14"]
[EventCountry "USA"]
[SourceTitle "CBM 215 Extra"]
[Source "ChessBase"]
[SourceDate "2023.09.30"]
[SourceVersion "1"]
[SourceVersionDate "2023.09.30"]
[SourceQuality "1"]

1. e4 c5 2. Nf3 Nc6 3. Bb5 g5 4. Nxg5 Nf6 5. 0-0 Rg8 6. d3 h6 7. Nf3 a6 8. Bxc6 dxc6 9. Bf4 Bg4 10. Nbd2 Nd7 11. c3 e5 12. Bg3 h5 13. Qb3 Be7 14. h4 b5 15. a4 Rb8 16. axb5 axb5 17. Ra6 Rc8 18. Rfa1 c4 19. dxc4 Nc5 20. Qc2 Nxa6 21. Rxa6 bxc4 22. Nxe5 Bxh4 23. Nxc6 Qg5 24. Ra5 Qf6 25. Nd4 Bxg3 26. fxg3 h4 27. e5 Qg5 28. Nf1 hxg3 29. Qa4+ Bd7 30. Qd1 Rh8 31. e6 Qe7 32. exd7+ Qxd7 33. Qe1+ Kf8 34. Qxg3 Re8 35. Rg5 Qe7 36. Nf5 Qf6 37. Qd6+ Qxd6 38. Nxd6 Re1 39. Nxc4 Rh4 40. Nce3 Rf4 41. Rg3 Re2 42. b4 Rb2 43. Rf3 Rh4 44. Nd5 Rc4 45. Nfe3 Rb1+ 46. Rf1 Rc6 47. Rxb1 1-0